MDQL
is popping MORE tags! Check the
thread
!
Quizzes
Events
Quiz Creation
Community
Videos
Private Events
Remove Ads
Sign In
Join for FREE
Feedback
Dark Mode
Quiz Categories
Sports
Geography
Music
Movies
Television
Just For Fun
Miscellaneous
History
Literature
Language
Science
Gaming
Entertainment
Religion
Holiday
For Kids
Quiz Lab
Recent
Popular Today
Quiz Kudos Today
Editor Picks
Curator Picks
Quizzes by...
Day
Popularity
Type
Ratings
Length
Year
Community
Subscriptions
Recent Discussions
Orange Saloon
Badges
Playlists
Quests
Create
Leaderboards
Showdown
Live 5
Trivia Bingo
Activity
Puzzle Library
Sporcle Events
Private Events
Virtual Trivia
Globe League
Become a Host
Pub Owners
SporcleCon
Opinionation
Our Games
Videos
Blog
Mobile Apps
Partnerships
Remove Ads and Go Orange
Feedback
Music
Pop Music
The Beatles
Song
Album
Lyrics
Bands
Singers
Artist
Clip
Rock
Rap
Classical
Billboard
Country Music
Kpop
Taylor Swift
Music
Pop Music
The Beatles
Song
Album
Lyrics
Bands
Singers
Artist
Clip
Rock
Rap
Classical
Billboard
Country Music
Kpop
Taylor Swift
Random Quiz
Search Sporcle
×
Quiz Lab
Quiz Lab
Music
Lyrics
Type in answers that appear in a list
Type in answers that appear in a list
Classic
Best Score? Go Orange.
You Are The Music In Me Lyrics Stats
Can you name the You Are The Music In Me Lyrics?
By
onlyziyad
10m
299 Questions
369 Plays
369 Plays
369 Plays
Comments
Comments
Give Quiz Kudos
Give Quiz Kudos
-
- Ratings
hide this ad
Replay
Link that replays current quiz
Next Quiz
Link to next quiz in quiz playlist
You Got
0%
They Got
Avg Score
85%
Avg Friend Score
Upgrade to see
Score Distribution
Jump to the score distribution portion of the page
Score
0/299
Timer
10:00
0
Plays Today
Answer
% Correct
You
99.5%
You
99.5%
you
99.5%
you
99.5%
you
99.5%
you
99.5%
You
99.5%
you
99.5%
you
99.5%
you)
99.5%
You
99.5%
You
99.5%
You
99.5%
You
99.5%
You
99.5%
You
99.5%
You
99.5%
You
99.5%
a
98.9%
a
98.9%
a
98.9%
A
98.9%
A
98.9%
a
98.9%
I
98.9%
I
98.9%
I
98.9%
I
98.9%
(I
98.9%
I
98.9%
I
98.9%
Both: I
98.9%
I
98.9%
I
98.9%
I
98.9%
I
98.9%
are
98.6%
are
98.6%
are
98.6%
are
98.6%
are
98.6%
are
98.6%
are
98.6%
are
98.6%
are
98.6%
are
98.6%
are
98.6%
the
98.4%
music
98.4%
me
98.4%
the
98.4%
the
98.4%
the
98.4%
me
98.4%
the
98.4%
music
98.4%
me
98.4%
the
98.4%
music
98.4%
me
98.4%
the
98.4%
music
98.4%
me
98.4%
the
98.4%
me
98.4%
the
98.4%
me
98.4%
the
98.4%
music
98.4%
me
98.4%
the
98.4%
music
98.4%
me
98.4%
the
98.4%
the
98.4%
music
98.4%
me
98.4%
the
98.4%
music
98.4%
me
98.4%
the
98.4%
music
98.4%
me
98.4%
the
98.4%
music
98.4%
me
98.4%
the
98.4%
music
98.4%
me
98.4%
in
97.8%
in
97.8%
in
97.8%
in
97.8%
in
97.8%
in
97.8%
in
97.8%
in
97.8%
in
97.8%
in
97.8%
in
97.8%
Answer
% Correct
in
97.8%
in
97.8%
in
97.8%
Kelsi: Nananana Nananana
96.7%
Both: Na na na na
96.7%
Na na na na
96.7%
(na na na na)
96.7%
All: Na na na na
96.7%
(na na na na)
96.7%
Na na na na
96.7%
Na na na na
96.7%
Na na na na
96.7%
Na na na na
96.7%
(ohh yeah)
96.5%
(yeah ohh)
96.5%
(ohh yeah)
96.5%
(ohh yeah)
96.5%
(ohh yeah)
96.5%
know
95.7%
know
95.7%
know
95.7%
know
95.7%
know
95.7%
Yeah
95.1%
Yeah
95.1%
Both: Yeah
95.1%
Yeah yeah yeah
95.1%
(yeah)
95.1%
Yeah yeah yeah
95.1%
(yeah)
95.1%
words
91.1%
words
91.1%
Kelsi and Gabriella: When
90.2%
Gabriella: When
90.2%
Both: When
90.2%
When
90.2%
'once
90%
time'
90%
upon
89.7%
There's
87.5%
there's
87.5%
There's
87.5%
Make
86.4%
listen.
86.2%
my
86.2%
my
86.2%
my
86.2%
my
86.2%
Both: Your
85.9%
your
85.9%
it
85.6%
it
85.6%
it
85.6%
reason.
85.4%
ever
85.4%
to
85.4%
ever
85.4%
Gabriella: To
85.4%
to
85.4%
to
85.4%
that
84.8%
that
84.8%
that
84.8%
that
84.8%
happy
84.3%
we
84.3%
Troy: Oh
84.3%
oh
84.3%
we
84.3%
(ohh ohh)
84.3%
Oh
84.3%
we
84.3%
we
84.3%
(ohh)
84.3%
we
84.3%
melody
84%
no
84%
after
83.7%
harmony
83.7%
It's
83.5%
it's
83.5%
it's
83.5%
Gabriella: It's
83.5%
it's
83.5%
it's
83.5%
It's
83.5%
It's
83.5%
chance
83.2%
hear
82.9%
song
82.9%
belong
82.9%
hear
82.9%
hear
82.9%
song
82.9%
belong
82.9%
hear
82.9%
song
82.9%
belong
82.9%
find
82.1%
voice
82.1%
Answer
% Correct
voice
82.1%
little
81.6%
inside
81.6%
inside
81.6%
sing
81.3%
sing
81.3%
head
81%
you'll
80.5%
noise
80.5%
noise
80.5%
Above
80.2%
'Cause
80.2%
Above
80.2%
dream
79.9%
laughter
79.9%
favorite
79.9%
favorite
79.9%
favorite
79.9%
And
78.9%
And
78.9%
And
78.9%
And
78.9%
and
78.9%
single
78.3%
of
78.3%
of
78.3%
of
78.3%
us
78%
us
78%
us
78%
us
78%
us
78%
us
78%
or
77.5%
like
77.5%
because
77.5%
Because
77.5%
like
77.5%
because
77.5%
because
77.5%
echoing
76.2%
all
76.2%
all
76.2%
all
76.2%
all
76.2%
living
74.8%
living
74.8%
living
74.8%
you're
74.5%
you're
74.5%
here
74.3%
here
74.3%
here
74.3%
common
71%
pulling
70.7%
thread
69.1%
brought
67.5%
brought
67.5%
brought
67.5%
knew
67.2%
met
66.4%
We
66.4%
before
66.1%
Can't
63.4%
Gabriella: Can't
63.4%
for
62.9%
see
62.3%
see
62.3%
explain
60.4%
name
60.2%
real
60.2%
real
60.2%
easy
59.3%
never
58.5%
Troy: Mmm
58%
that's
57.7%
said
56.4%
was
56.4%
understand
56.1%
Both: I'm
55.8%
I'm
55.8%
not
55.8%
more
53.9%
than
53.7%
am
53.4%
singing
53.4%
alone
52.8%
As
50.7%
what
50.7%
feel
50.4%
we're
49.9%
keep
48.2%
got
47.7%
power
45.8%
gonna
45.3%
saying
44.2%
Together
44.2%
Connected
39.8%
known.
35.2%
Quiz Playlist
Details
Report
Send in Message
Add To Playlist
Classic:
Type in answers that appear in a list
Last Updated: Feb 16, 2017
Quiz Scoreboard
CHALLENGE
Sign Up to Join the Scoreboard
Show All
Scores
Hide
Comments
May contain spoilers
Recently Published
1-10 Letter E Words III
by El_Dandy
Language
2m
Street Fighter Characters
by Artimus82
Gaming
60s
College Basketball Coaching Resumes
by pancakes188
Sports
9m
More to Explore
Quiz From the Vault
Featured Blog Post
Where Did the Easter Bunny Come From?
hide this ad
You Might Also Like...
Tags
Lyrics Quiz
High School Musical
Today's Top Quizzes in Music
Browse Music
hide this ad
Today's Top Quizzes in Lyrics
Browse Lyrics
Top Contributed Quizzes in Music
1
Taylor Swift All Songs (2024)
2
Taylor Swift Logic Puzzle
3
Guess the Artist- 70s Songs
4
7-to-1: Billboard Hot 100 #1 Hits of 2010s
5
Sorting Albums and Songs
6
KPOP LOGIC QUIZ
7
Billboard Blitz: Aretha Franklin
8
Guess the Taylor Swift song (Mystery Song)
9
Guess The Taylor Swift Lyrics Song #1
10
Billboard Blitz: ABBA
Explore More
Trending Topics
Crossword
Marvel
Disney
Kpop
Anime
Harry Potter
NBA
Soccer
Puzzle
Pokémon
Country
NFL
The Office
Song
WWE
hide this ad
More By:
onlyziyad
Quiz
Plays
Rating
Category
Featured
Created
How does Hamilton..?
843
4.00
Music
Jun 6, 2017
Three Empty Words Lyrics
758
5.00
Music
Nov 13, 2016
When You're Ready Lyrics
491
5.00
Music
Sep 18, 2018
You Are The Music In Me Lyrics
369
Music
Oct 28, 2016
Voices In My Head lyrics part 1
247
Music
Feb 20, 2019
Go to Creator's Profile
Score Distribution
Quiz Creator Spotlight
onlyziyad
Follow
Send a Message
Quizzes Created
-
Created Quiz Play Count
-
More By This Creator
Popular Quizzes Today
1
Find the US States - No Outlines Minefield
2
Find the Countries of Europe - No Outlines Minefield
3
The Countries of the World
4
Find the US States
5
Risky Map Clicking: Biggest States A-Z
6
US States
7
Popular People in 1961
8
Movies - When Are They Set?
More Music Quizzes
Shared Song Titles: Girls' Names
Published
Trending Quizzes
Risky Map Clicking: Least Populous States A-Z
1-10 Letter G Words
1-10 Letter F Words
Countries of the World: 200 Million BC
Risky Map Clicking: Next State Alphabetically
Recently Updated
Beyoncé Albums
pecheneg
Leaping Animals
pecheneg
Reality TV Shows (A-Z)
bhenderson79
Rickey Henderson's Hall of Fame Teammates
pecheneg
Champions League XIs: Arsenal
pecheneg
Quick Pick: Celebrities in WWE's Hall of Fame
aduchscher
A-Z Keypad Blitz II
pecheneg
Multiple Oscar Actors
pecheneg
Mystery Phrase Blitz: Oscar 'Best Actors'
pecheneg
F. Scott Fitzgerald Novels
LTH
Trending Topics
Anime
NBA
Crossword
Harry Potter
Marvel
Kpop
Disney
Pokémon
WWE
NFL
Soccer
Puzzle
Country
The Office
Song
Your Account Isn't Verified!
In order to create a playlist on Sporcle, you need to verify the email address you used during registration. Go to your
Sporcle Settings
to finish the process.
Report this User
Report this user for behavior that violates our
Community Guidelines
.
Details:
Send Report
Go to the Sporcle.com Mobile Site →
Comments